LEADER 00805nam a2200217 u 4500 001 000000107314 003 CaOOAMICUS 005 20071003115443.0 008 071003q1949 fr u000 u fre u 040 $aPUL$bita$dLDB 100 1 $aColin, Louis,$cC.SS.R.,$d1884-$0(OLS)http://pul/name/42671 245 10$aCaritas /$cp. Colin. 260 $aParis :$bSaint-Paul,$c[1949] 300 $aviii, 267 p. ;$c20 cm 504 $aInclude riferimenti bibliografici. 650 14$aAmore$xTeologia.$0(OLS)http://pul/subject/13524 850 $aPUL 852 $aPUL$W1$xSL Religione 1$y3$m37 H 1$j121951$qStampati$B120939$CPULBib$Z2$F120939 $H17530 $82 941 1 $a8 996 $6245$aCaritas$9(OLS)http://pul/title/135134 996 $6260$aParis :$bSaint-Paul$9(OLS)http://pul/publisher/67915 LEADER 01230nam a2200289 u 4500 001 000000106178 003 CaOOAMICUS 005 20070710120555.0 008 070710s1989 it a u000 u ita u 020 $a88-11-50454-6 040 $aPUL$bita$dLDB 041 1 $aita$hger 100 1 $aBellinger, Gerhard J.$0(OLS)http://pul/name/268 240 10$aKnaurs grosser Religions führer$lItaliano.$0(OLS)http://pul/title/133713 245 10$aEnciclopedia delle religioni Garzanti /$cGerhard J. Bellinger. 260 $aMilano :$bGarzanti,$c1989. 300 $a862 p. :$bill. (pt. color.) ;$c19 cm 490 1 $aNuova serie Garzanti 504 $aComprende indicazioni bibliografiche. 650 4$aReligioni$vEnciclopedie.$2//ita$0(OLS)http://pul/subject/13960 830 0$aNuova serie Garzanti.$0(OLS)http://pul/title/133714 850 $aPUL 852 $aPUL$W1$xSL Cons. Gen., Altre Classi 1$y1$m2010 A 16$j119248$qStampati$B119138$CPULBib$Z2$F119138 $H62777 $82 941 1 $a8 996 $6020$a88-11-50454-6$9(OLS)http://pul/number/135200 996 $6245$aEnciclopedia delle religioni Garzanti$9(OLS)http://pul/title/133712 996 $6260$aMilano :$bGarzanti$9(OLS)http://pul/publisher/49146